Oldest Women in the world - of all times - Statistics

General Stats
  • This quiz has been taken 3 times
  • The average score is 5 of 15
Answer Stats
Born Died Age Gender Answer Place of Death % Correct
1899 2016 116 F Susannah Mushatt Jones USA
67%
1901 2018 117 F Chiyo Miyako Japan
33%
1899 2017 117 F Emma Morano Italy
33%
1875 1997 122 F Jeanne Calment France
33%
1903 - 117 F Kane Tanaka -
33%
1904 - 116 F Lucile Randon (Sœur André) -
33%
1875 1993 117 F Lucy Hannah USA
33%
1889 2006 116 F María Capovilla Ecuador
33%
1880 1998 117 F Marie - Louise Febrone Meilleur Canada
33%
1898 2015 117 F Misao Okawa Japan
33%
1900 2018 117 F Nabi Tajima Japan
33%
1880 1999 119 F Sarah Knauss USA
33%
1879 1995 116 F Tane Ikai Japan
33%
1900 2017 117 F Violet Brown Jamaica
33%
1898 2015 116 F Gertrude Weaver USA
0%
No matching quizzes found
Score Distribution
Percent of People with Each Score
Percentile by Number Answered
Your Score History
You have not taken this quiz